000 00444nam a2200181Ia 4500
001 19002
005 20260306171712.0
008 260306s9999||||xx |||||||||||||| ||und||
041 _aESP
082 _a658.78
_bC28C
100 _aCarreño Solís, Adolfo Joseph,
_eAUT
245 0 _aCadena de suministro y logística
260 _c2017
300 _a566 páginas :
_c24 cm.
650 _aGEN
654 _aCAN
942 _cLIB
_dJUS
_fJUS
_2ddc
_n
999 _c19002
_d19002